00801nam a2200193 4500001000700000003000900007005001700016007000300033008004100036100003400077245011100111260006500222300002100287500005600308710004300364852003400407999001900441952014700460126285ES-MaACL20230906192807.0t|070214s1951 cu r ||||1| spa d1 aRemos y Rubio, Juan J.99615013aLa emoción histórica en la prosa de Martí b: discurso / cleído por el Dr. Juan J. Remos y Rubio. aLa Habana : b[s. n.], c1951 (fImp. El Siglo XX : Muñiz) a33 p. ; c25 cm. aPrecede al tít.: Academia de la Historia de Cuba.2 aAcademia de la Historia de Cuba.91183 aES-MaACLj1931-F-12 bR.31366 c126285d126285 001040708Colección_de_folletosaATENEOMbATENEOMcDEPOFd2008-01-17eSCl0o1931-F-12p1131534r2023-02-23 00:00:00w2023-02-23yFOLLETOS